Shigley's mechanical engineering design (Record no. 576808)
[ view plain ]
| 000 -LEADER | |
|---|---|
| fixed length control field | 00416nam a22001577a 4500 |
| 020 ## - INTERNATIONAL STANDARD BOOK NUMBER | |
| International Standard Book Number | 9789339221.638 |
| 082 ## - DEWEY DECIMAL CLASSIFICATION NUMBER | |
| Classification number | 621.815 SHI |
| 100 ## - MAIN ENTRY--PERSONAL NAME | |
| Personal name | Budynas, Richard G |
| 9 (RLIN) | 40770 |
| 245 ## - TITLE STATEMENT | |
| Title | Shigley's mechanical engineering design |
| 250 ## - EDITION STATEMENT | |
| Edition statement | 10th |
| 260 ## - PUBLICATION, DISTRIBUTION, ETC. | |
| Place of publication, distribution, etc. | India |
| Name of publisher, distributor, etc. | McGraw Hill |
| Date of publication, distribution, etc. | 2018 |
| 300 ## - PHYSICAL DESCRIPTION | |
| Extent | xxi,1082 P |
| 650 ## - SUBJECT ADDED ENTRY--TOPICAL TERM | |
| Topical term or geographic name entry element | Mechanical Engineering Design |
| 9 (RLIN) | 69584 |
| 700 ## - ADDED ENTRY--PERSONAL NAME | |
| Personal name | Nisbett J. Keith |
| 9 (RLIN) | 69585 |
| 942 ## - ADDED ENTRY ELEMENTS (KOHA) | |
| Koha item type | Book |
| Withdrawn status | Lost status | Damaged status | Not for loan | Collection code | Permanent Location | Current Location | Shelving location | Date acquired | Total Checkouts | Total Renewals | Full call number | Barcode | Checked out | Date last seen | Date last checked out | Price effective from | Koha item type |
|---|---|---|---|---|---|---|---|---|---|---|---|---|---|---|---|---|---|
| College of Electrical & Mechanical Engineering (CEME) | College of Electrical & Mechanical Engineering (CEME) | General Stacks | 09/26/2019 | 1 | 1 | 621.815 SHI | CEME-50000 | 01/22/2026 | 11/20/2025 | 11/20/2025 | 06/28/2021 | Book | |||||
| College of Electrical & Mechanical Engineering (CEME) | College of Electrical & Mechanical Engineering (CEME) | General Stacks | 09/26/2019 | 1 | 1 | 621.815 SHI | CEME-50001 | 01/22/2026 | 11/19/2025 | 11/19/2025 | 06/28/2021 | Book | |||||
| College of Electrical & Mechanical Engineering (CEME) | College of Electrical & Mechanical Engineering (CEME) | General Stacks | 09/26/2019 | 1 | 1 | 621.815 SHI | CEME-50002 | 03/04/2026 | 11/24/2025 | 11/24/2025 | 06/28/2021 | Book | |||||
| College of Electrical & Mechanical Engineering (CEME) | College of Electrical & Mechanical Engineering (CEME) | General Stacks | 09/26/2019 | 621.815 SHI | CEME-50003 | 06/28/2021 | 06/28/2021 | Book | |||||||||
| College of Electrical & Mechanical Engineering (CEME) | College of Electrical & Mechanical Engineering (CEME) | General Stacks | 09/26/2019 | 1 | 621.815 SHI | CEME-50004 | 12/29/2025 | 11/21/2025 | 06/28/2021 | Book | |||||||
| College of Electrical & Mechanical Engineering (CEME) | College of Electrical & Mechanical Engineering (CEME) | General Stacks | 03/09/2020 | 1 | 1 | 621.815 SHI | CEME-50038 | 01/22/2026 | 11/20/2025 | 11/20/2025 | 06/28/2021 | Book |
